Statistics for Biggest Spenders per Year in the Premier League since 2000

Click here to take the quiz!

General Stats

  • This quiz has been taken 22 times
  • The average score is 24 of 24

Answer Stats

YearClubBiggest SigningFeeTotal Spent% Correct
2021ArsenalBen White€58.5m€167.4m
100%
2023ChelseaMoisés Caicedo€116m€464.1m
100%
2013ChelseaEden Hazard€35m€109.7m
100%
2022ChelseaEnzo Fernández€121m€611.49m
100%
2020ChelseaKai Havertz€80m€247.2m
100%
2014ChelseaWillian€35.5m€130.35m
100%
2012ChelseaJuan Mata€26.7m€96.45m
100%
2007ChelseaAndriy Schevchenko€43.88m€88.98m
100%
2004ChelseaHernán Crespo€26m€170m
100%
2006ChelseaMichael Essien€38m€91.5m
100%
2005ChelseaDidier Drogba€38.5m€162.4m
100%
2009Manchester CityRobinho€43m€157.35m
100%
2010Manchester CityCarlos Tevez€29m€147.3m
100%
2011Manchester CityEdin Dzeko€37m€183.61m
100%
2016Manchester CityKevin de Bruyne€76m€208.47m
100%
2017Manchester CityJohn Stones€55.6m€216.25m
100%
2018Manchester CityAymeric Laporte€65m€317.5m
100%
2002Manchester UnitedJuan Sebastián Verón€42.6m€85.85m
100%
2003Manchester UnitedRio Ferdinand€46m€48.53m
100%
2015Manchester UnitedÁngel Di María€75m€195.35m
100%
2019Manchester UnitedHarry Maguire€87m€236.8m
100%
2008Manchester UnitedAnderson€31.5m€106.5m
100%
2001ArsenalSylvian Wiltord€17.5m€56.3m
95%
2000LiverpoolEmile Heskey€16.5m€54.5m
86%

Score Distribution

Percentile by Number Answered

Percent of People with Each Score

Your Score History

You have not taken this quiz